00806ngm a2200229 a 450000500170000000800410001708200210005824500520007925000190013130000490015049000290019965000720022865000350030065000520033594200200038726400310040733600270043833700330046533800280049804000350052699900150056120220317001158.0160825s2003 ck g 000 0 spa 04a394.508615bF32f10aFiesta patronal de San Benitohvideograbación a1a. edición  a1 videocasete en VHSbsonido, color c20 cm  aAcontecer afrocolombiano142LEMBaSantos PatronosvVideocasetes zPacifico [Región, Colombia]142LEMB aCultura vVideocasetes 142LEMB aFolclor negro vVideocasetes zColombia  2ddccVIDEOCASET aBogotábCorpidencuc2003 atextobtxt2rdacontent asin mediaciónbn2rdamedia avolumenbnc2rdacarrier aCO-BoRNBPbspaerdacCO-BoRNBP c6161d6161